[Event "FIDE World Rapid Team"]
[Site "London ENG"]
[Date "2025.06.12"]
[Round "5.5"]
[White "Wagner, Dinara"]
[Black "Khotenashvili, Bella"]
[Result "1/2-1/2"]
[WhiteTitle "IM"]
[BlackTitle "GM"]
[WhiteElo "2404"]
[BlackElo "2418"]
[WhiteTeam "Germany and Friends"]
[BlackTeam "Duobeniajan Costa Calida ESJ"]
[WhiteFideId "24157570"]
[BlackFideId "13602640"]
[EventDate "2025.06.11"]
[EventType "team"]

1. d4 g6 2. c4 Bg7 3. Nf3 c5 4. d5 d6 5. e4 e6 6. h3 Nf6 7. Nc3 O-O 8. Be2 exd5
9. exd5 Bf5 10. Nh4 Bc8 11. O-O Re8 12. Nf3 Bf5 13. Nh4 Bc8 14. Bd3 Nh5 15. Nf3
Nd7 16. Bg5 f6 17. Bd2 f5 18. Ng5 Ne5 19. Be2 Nf6 20. Qc2 h6 21. Nf3 Nxf3+ 22.
Bxf3 Nd7 23. Be2 Ne5 24. f4 Nd7 25. Rae1 Nf6 26. Bd3 Bd7 27. Qb3 b6 28. Qc2 Rxe1
29. Rxe1 Qf8 30. Qd1 1/2-1/2

[Event "FIDE World Rapid Team"]
[Site "London ENG"]
[Date "2025.06.12"]
[Round "5.6"]
[White "Torres, Lucas"]
[Black "Lobkin, Bohdan"]
[Result "0-1"]
[WhiteElo "1897"]
[BlackElo "1900"]
[WhiteTeam "Duobeniajan Costa Calida ESJ"]
[BlackTeam "Germany and Friends"]
[WhiteFideId "1769464"]
[BlackFideId "34115552"]
[EventDate "2025.06.11"]
[EventType "team"]

1. e4 e5 2. Nc3 Nc6 3. Bc4 Bc5 4. Qg4 Bf8 5. Qf3 Nf6 6. Nge2 d6 7. h3 Na5 8. d3
Nxc4 9. dxc4 Be6 10. b3 a5 11. a4 Nd7 12. Ba3 g6 13. O-O Bg7 14. Rad1 b6 15. Nb5
Nc5 16. Bxc5 bxc5 17. Nbc3 O-O 18. Nd5 f5 19. Ng3 c6 20. Nc3 Qc7 21. exf5 gxf5
22. Nh5 Bh6 23. Qg3+ Kh8 24. f4 e4 25. Ne2 d5 26. cxd5 cxd5 27. Qc3+ Bg7 28.
Nxg7 Qxg7 29. Qxc5 Bf7 30. Qd4 Bh5 31. Qxg7+ Kxg7 32. Rde1 Kf6 33. Nd4 Rac8 34.
Re3 Rg8 35. Kf2 Rc7 36. g3 Rgc8 37. Rfe1 Rxc2+ 38. Nxc2 Rxc2+ 39. Kg1 d4 40. g4
dxe3 41. gxh5 Rc3 42. Rb1 Ke6 43. Kf1 Kd5 44. b4 axb4 45. Rxb4 Rc2 46. a5 Ra2
47. Rb5+ Kd4 48. Rxf5 e2+ 49. Kf2 e3+ 50. Ke1 Ke4 51. Re5+ Kf3 0-1

[Event "FIDE World Rapid Team"]
[Site "London ENG"]
[Date "2025.06.12"]
[Round "5.1"]
[White "Oro, Faustino"]
[Black "Nihal, Sarin"]
[Result "1-0"]
[WhiteTitle "IM"]
[BlackTitle "GM"]
[WhiteElo "2465"]
[BlackElo "2696"]
[WhiteTeam "Turkish Airlines Sports Club"]
[BlackTeam "Ashdod Elit Chess Club"]
[WhiteFideId "20000197"]
[BlackFideId "25092340"]
[EventDate "2025.06.11"]
[EventType "team"]

1. Nf3 b6 2. e4 Bb7 3. Nc3 e6 4. d4 Bb4 5. Bd3 Nf6 6. Nd2 d6 7. O-O O-O 8. Qe2
c5 9. dxc5 bxc5 10. Nd1 Nbd7 11. c3 Ba5 12. f4 Bc7 13. Kh1 a5 14. a4 Re8 15. c4
h6 16. b3 Nb8 17. Nc3 Nc6 18. Nb5 e5 19. f5 Nd4 20. Qe3 Ra6 21. Rb1 Bb8 22. Qh3
Qd7 23. Re1 Nc6 24. Rb2 Nd4 25. Nf1 Bc7 26. Bxh6 gxh6 27. Qxh6 d5 28. Qg5+ Kh8
29. cxd5 Nh7 30. Qh5 Bd8 31. Ne3 Rg8 32. Ng4 Rxg4 33. Qxg4 Rh6 34. Rf1 Nf6 35.
Qg3 Kh7 36. Nxd4 Nh5 37. Qf3 cxd4 38. g3 Bg5 39. b4 axb4 40. Rxb4 Be3 41. Rfb1
Bc8 42. a5 Qd8 43. Rb6 Nf6 44. Kg2 Qc7 45. Rc6 Qxa5 46. Rxc8 Qd2+ 47. Qe2 Nxe4
48. Qxd2 Nxd2 49. f6+ e4 50. d6 Rxf6 51. d7 Rf2+ 52. Kh3 Bg5 53. Rb5 f5 54. Rb7
Kg6 55. Rc6+ Kh5 56. Rb8 Be7 57. Rh8+ Kg5 58. Rg8+ Kh5 59. Rgg6 Rxh2+ 60. Kxh2
exd3 61. Kh3 1-0

[Event "FIDE World Rapid Team"]
[Site "London ENG"]
[Date "2025.06.12"]
[Round "5.2"]
[White "Eljanov, Pavel"]
[Black "Ahmad, Khagan"]
[Result "1-0"]
[WhiteTitle "GM"]
[BlackTitle "IM"]
[WhiteElo "2669"]
[BlackElo "2394"]
[WhiteTeam "Ashdod Elit Chess Club"]
[BlackTeam "Turkish Airlines Sports Club"]
[WhiteFideId "14102951"]
[BlackFideId "13431552"]
[EventDate "2025.06.11"]
[EventType "team"]

1. c4 e6 2. Nc3 Bb4 3. e4 Ne7 4. Nf3 O-O 5. a3 Bxc3 6. dxc3 d6 7. Be2 Nbc6 8.
O-O e5 9. Nd2 Kh8 10. Re1 f5 11. exf5 Nxf5 12. Ne4 Qe8 13. Bh5 g6 14. Bf3 Be6
15. c5 Nh4 16. Be2 d5 17. Ng5 Bg8 18. Nf3 Nxf3+ 19. Bxf3 Qf7 20. Bh6 e4 21. Bxf8
Rxf8 22. Be2 Qxf2+ 23. Kh1 Qxc5 24. Qd2 Kg7 25. Rf1 Rxf1+ 26. Rxf1 Qd6 27. b4
Qe5 28. Qe3 b6 29. Qf2 Qe7 30. c4 dxc4 31. b5 e3 32. Qf4 g5 33. Qg4 h5 34. Qxh5
Nd4 35. Qg4 Qe5 36. Rd1 Nxe2 37. Qxe2 c3 38. Re1 Bf7 39. Qxe3 Qf6 40. Rc1 c2 41.
Rxc2 Qf1+ 42. Qg1 Qxb5 43. Rxc7 Qa4 44. Qf1 1-0

[Event "FIDE World Rapid Team"]
[Site "London ENG"]
[Date "2025.06.12"]
[Round "5.3"]
[White "Lu, Miaoyi"]
[Black "Volokitin, Andrei"]
[Result "0-1"]
[WhiteTitle "IM"]
[BlackTitle "GM"]
[WhiteElo "2452"]
[BlackElo "2626"]
[WhiteTeam "Turkish Airlines Sports Club"]
[BlackTeam "Ashdod Elit Chess Club"]
[WhiteFideId "8618020"]
[BlackFideId "14107090"]
[EventDate "2025.06.11"]
[EventType "team"]

1. e4 c5 2. Nf3 d6 3. Bb5+ Nd7 4. a4 Nf6 5. Nc3 a6 6. Be2 g6 7. a5 Bg7 8. O-O b5
9. axb6 Bb7 10. d3 a5 11. Bf4 O-O 12. Qd2 Qxb6 13. Ra3 Rfb8 14. Rfa1 Qxb2 15.
Na4 Qb5 16. e5 Nh5 17. exd6 Nxf4 18. Qxf4 Bxa1 19. Rxa1 Bxf3 20. Qxf3 exd6 21.
d4 Qb4 22. c3 Qb3 23. Qc6 Nb6 24. Bd1 Qe6 25. Bf3 Nxa4 26. Qxa4 Ra7 27. Qc6 cxd4
28. cxd4 Rab7 29. Qxb7 Rxb7 30. Bxb7 a4 31. g3 Qb3 32. Be4 a3 33. Rb1 Qc4 34.
Rb8+ Kg7 35. Ra8 a2 36. Kg2 Qxd4 0-1

[Event "FIDE World Rapid Team"]
[Site "London ENG"]
[Date "2025.06.12"]
[Round "5.4"]
[White "Smirin, Ilia"]
[Black "Xu, Yuanyuan"]
[Result "1/2-1/2"]
[WhiteTitle "GM"]
[BlackTitle "WGM"]
[WhiteElo "2564"]
[BlackElo "2300"]
[WhiteTeam "Ashdod Elit Chess Club"]
[BlackTeam "Turkish Airlines Sports Club"]
[WhiteFideId "2801990"]
[BlackFideId "8601089"]
[EventDate "2025.06.11"]
[EventType "team"]

1. e4 c6 2. d4 d5 3. exd5 cxd5 4. Bd3 Nc6 5. c3 e6 6. Nf3 Bd6 7. O-O Nge7 8. b3
O-O 9. Re1 f6 10. c4 Kh8 11. Bb2 Qe8 12. Nc3 Qh5 13. Nb5 Bb8 14. Ba3 Rd8 15.
Bxe7 Nxe7 16. c5 a6 17. Nc3 Nc6 18. Be2 Qh6 19. Na4 Bc7 20. Nb6 Bxb6 21. cxb6
Bd7 22. Rc1 Rac8 23. Rc5 Qf4 24. Kh1 Qd6 25. Qd2 e5 26. Rec1 e4 27. Ne1 Ne7 28.
Qa5 Rc6 29. Nc2 Rxb6 30. Ne3 Be6 31. Rc7 Rc6 32. Rc5 Rxc7 33. Qxc7 Qxc7 34. Rxc7
Rd7 35. Rc5 Kg8 36. Kg1 Kf7 37. Kf1 f5 38. f4 Ke8 39. Ke1 Kd8 40. Kd2 Rc7 41. b4
Kd7 42. Kc3 Kd6 43. a4 Bd7 44. a5 Bc6 45. Bd1 g6 46. g3 Bb5 47. Bb3 Rc6 48. Kd2
Rxc5 49. dxc5+ Ke6 50. Kc3 Be8 51. Kd4 Nc6+ 52. Kc3 Ne7 53. Kd4 Nc6+ 1/2-1/2

[Event "FIDE World Rapid Team"]
[Site "London ENG"]
[Date "2025.06.12"]
[Round "5.5"]
[White "Lohia, Sohum"]
[Black "Osmak, Yuliia"]
[Result "1/2-1/2"]
[WhiteTitle "FM"]
[BlackTitle "IM"]
[WhiteElo "2364"]
[BlackElo "2468"]
[WhiteTeam "Turkish Airlines Sports Club"]
[BlackTeam "Ashdod Elit Chess Club"]
[WhiteFideId "5819369"]
[BlackFideId "14101602"]
[EventDate "2025.06.11"]
[EventType "team"]

1. e4 e6 2. d4 d5 3. Nc3 Nf6 4. Bg5 dxe4 5. Nxe4 Be7 6. Bxf6 gxf6 7. Qd3 Nd7 8.
O-O-O c6 9. g3 b6 10. Bg2 Bb7 11. Nf3 Qc7 12. Nc3 O-O-O 13. Rhe1 f5 14. Qe2 Bf6
15. Ne5 Nxe5 16. dxe5 Rxd1+ 17. Nxd1 Be7 18. f4 h5 19. Ne3 h4 20. g4 fxg4 21.
Qxg4 Bc5 22. Nc4 b5 23. Nd2 Qa5 24. a3 Rd8 25. Qe2 Qa4 26. Ne4 Bxa3 27. bxa3
Qxa3+ 28. Kb1 Qb4+ 29. Kc1 Qa3+ 30. Kb1 Qb4+ 1/2-1/2

[Event "FIDE World Rapid Team"]
[Site "London ENG"]
[Date "2025.06.12"]
[Round "5.6"]
[White "Sailaubay, Aldiyar"]
[Black "Yildiz, Ali Aras"]
[Result "0-1"]
[WhiteElo "1910"]
[BlackElo "2089"]
[WhiteTeam "Ashdod Elit Chess Club"]
[BlackTeam "Turkish Airlines Sports Club"]
[WhiteFideId "13729357"]
[BlackFideId "51619822"]
[EventDate "2025.06.11"]
[EventType "team"]

1. e4 c5 2. Nc3 Nc6 3. Nf3 g6 4. d4 cxd4 5. Nxd4 Bg7 6. Nb3 Nf6 7. Be2 d6 8. O-O
O-O 9. Re1 Be6 10. Bg5 Rc8 11. Bf1 a6 12. Nd5 Bxd5 13. exd5 Ne5 14. c3 Re8 15.
Qd2 Qd7 16. f4 Nc4 17. Bxc4 Rxc4 18. Re2 Qf5 19. Bxf6 Bxf6 20. Rf2 b5 21. Re1
Rec8 22. a3 Ra4 23. Nc1 Rc5 24. Rd1 a5 25. Ne2 b4 26. axb4 axb4 27. c4 Rxc4 28.
Ng3 Qc8 29. b3 Rd4 30. Rc1 Qb7 31. Qe2 Ra3 32. Ne4 Qxd5 33. Nxf6+ exf6 34. Rff1
Rd2 0-1

[Event "FIDE World Rapid Team"]
[Site "London ENG"]
[Date "2025.06.12"]
[Round "5.1"]
[White "Samadov, Read"]
[Black "Van Foreest, Jorden"]
[Result "1/2-1/2"]
[WhiteTitle "IM"]
[BlackTitle "GM"]
[WhiteElo "2522"]
[BlackElo "2687"]
[WhiteTeam "Rookies"]
[BlackTeam "Knight Dance"]
[WhiteFideId "13417444"]
[BlackFideId "1039784"]
[EventDate "2025.06.11"]
[EventType "team"]

1. d4 Nf6 2. c4 e6 3. Nf3 d5 4. Nc3 Bd7 5. cxd5 exd5 6. Bg5 c6 7. e3 Bf5 8. Nh4
Be6 9. Nf3 h6 10. Bh4 Nbd7 11. Bd3 Bd6 12. Qc2 Qc7 13. Bg3 Bxg3 14. hxg3 a5 15.
a3 O-O 16. O-O Qd6 17. Rfc1 Rfc8 18. Na4 Bg4 19. Ne5 Ra7 20. Nxd7 Nxd7 21. Rab1
Rca8 22. Qd2 h5 23. Rc3 g6 24. Rbc1 Kg7 25. Nc5 Rh8 26. Nxd7 Bxd7 27. e4 h4 28.
Qf4 Qxf4 29. gxf4 dxe4 30. Bxe4 Be6 31. Rd3 Rd8 32. Rc5 Kf6 33. Kh2 Ra6 34. Rd2
a4 35. f3 Rd6 36. Kg1 Ra8 37. Kf2 Bb3 38. Ke3 Re8 39. Re5 Rh8 40. Ra5 h3 41.
gxh3 Rxh3 42. Ra7 Re6 43. Kf2 Bd5 44. Kg2 Rh4 45. Bxd5 cxd5 46. Kg3 g5 47. fxg5+
Kxg5 48. Rxb7 Rf4 49. Rb5 Re3 50. Rxd5+ f5 51. Rf2 Rd3 52. Rd8 Rg4+ 53. Kh2 Rh4+
54. Kg3 Rg4+ 55. Kh2 Rh4+ 56. Kg3 1/2-1/2

[Event "FIDE World Rapid Team"]
[Site "London ENG"]
[Date "2025.06.12"]
[Round "5.2"]
[White "Moussard, Jules"]
[Black "Shogdzhiev, Roman"]
[Result "1/2-1/2"]
[WhiteTitle "GM"]
[BlackTitle "FM"]
[WhiteElo "2597"]
[BlackElo "2402"]
[WhiteTeam "Knight Dance"]
[BlackTeam "Rookies"]
[WhiteFideId "642908"]
[BlackFideId "55653537"]
[EventDate "2025.06.11"]
[EventType "team"]

1. Nf3 d5 2. b3 Nf6 3. Bb2 g6 4. c4 c6 5. g3 Bg7 6. Bg2 O-O 7. O-O Re8 8. d4 Bf5
9. e3 Nbd7 10. Qe2 dxc4 11. Qxc4 e5 12. Nbd2 exd4 13. Bxd4 Qe7 14. b4 Ne4 15.
Bxg7 Nxd2 16. Nxd2 Kxg7 17. Nb3 Be6 18. Qc3+ Qf6 19. Qxf6+ Kxf6 20. Na5 Rab8 21.
a3 Ne5 22. Rfd1 Nc4 23. Nxc4 Bxc4 24. Rd4 Be6 25. Rad1 Ke7 26. f4 Red8 27. Kf2
Rxd4 28. Rxd4 Rd8 29. Rxd8 Kxd8 30. e4 b6 31. e5 c5 32. bxc5 bxc5 33. Ke3 Ke7
34. Bf3 f6 35. h4 h6 36. Kd3 fxe5 37. fxe5 g5 38. Ke4 Ba2 39. Be2 Be6 40. Bb5
Kd8 41. Bc6 Ke7 42. Bb5 Kd8 43. Bd3 Ke7 44. Bc2 Kd8 45. Bd1 Ke7 46. Be2 Kd8 47.
Bb5 Kc7 48. Kd3 Kd8 49. Ke4 Kc7 50. Kd3 Kd8 51. Ke4 1/2-1/2

[Event "FIDE World Rapid Team"]
[Site "London ENG"]
[Date "2025.06.12"]
[Round "5.3"]
[White "Royal, Shreyas"]
[Black "Dardha, Daniel"]
[Result "0-1"]
[WhiteTitle "GM"]
[BlackTitle "GM"]
[WhiteElo "2492"]
[BlackElo "2646"]
[WhiteTeam "Rookies"]
[BlackTeam "Knight Dance"]
[WhiteFideId "448869"]
[BlackFideId "240990"]
[EventDate "2025.06.11"]
[EventType "team"]

1. Nf3 Nf6 2. c4 e6 3. Nc3 d5 4. e3 dxc4 5. Bxc4 a6 6. O-O c5 7. d4 b5 8. Be2
Nc6 9. dxc5 Bb7 10. Nd2 Bxc5 11. Nb3 Bd6 12. Bf3 Qc7 13. h3 O-O 14. Qe2 Ne5 15.
Bxb7 Qxb7 16. Rd1 Rfd8 17. Bd2 b4 18. Nb1 Qb5 19. Qxb5 axb5 20. Nd4 Nd3 21. Bc1
Nxc1 22. Rxc1 Be5 23. a3 h5 24. Nd2 Bxd4 25. exd4 bxa3 26. Rxa3 Rxa3 27. bxa3
Rxd4 28. Nf3 Rd5 29. Kf1 Ne4 30. Ke2 f6 31. Rc7 Kh7 32. g4 hxg4 33. hxg4 Kg6 34.
Rc6 Rd6 35. Rc7 Ra6 36. Nd4 Rb6 37. f4 f5 38. gxf5+ exf5 39. Nc6 Ra6 40. Ne5+
Kh7 41. Nd7 Rxa3 42. Nf8+ Kh6 43. Ne6 g6 44. Nd4 b4 45. Rb7 Nc3+ 46. Kf2 Nd5 47.
Ne6 Ra6 48. Nc5 Ra2+ 49. Kg3 Ra3+ 50. Kh2 Nxf4 51. Rxb4 Nd3 52. Nxd3 Rxd3 53.
Kg2 Kg5 54. Kf2 f4 55. Rb6 Kf5 56. Rc6 g5 57. Rb6 Kg4 58. Rb2 Rh3 59. Kg1 Ra3
60. Kg2 Ra5 61. Kf2 Kf5 62. Kg2 g4 63. Rb8 Ra2+ 64. Kg1 g3 65. Rg8 Ke4 66. Rb8
Kf3 67. Rb3+ Kg4 68. Rb1 f3 69. Rc1 Rg2+ 70. Kh1 Rh2+ 71. Kg1 f2+ 72. Kf1 Kh3
73. Ke2 Kg2 0-1

[Event "FIDE World Rapid Team"]
[Site "London ENG"]
[Date "2025.06.12"]
[Round "5.4"]
[White "Maurizzi, Marc'Andria"]
[Black "Suleimen, Ergali"]
[Result "1-0"]
[WhiteTitle "GM"]
[BlackTitle "FM"]
[WhiteElo "2607"]
[BlackElo "2302"]
[WhiteTeam "Knight Dance"]
[BlackTeam "Rookies"]
[WhiteFideId "36083534"]
[BlackFideId "13724452"]
[EventDate "2025.06.11"]
[EventType "team"]

1. Nf3 Nf6 2. g3 g6 3. Bg2 Bg7 4. O-O O-O 5. d4 d6 6. Nc3 c5 7. e4 cxd4 8. Nxd4
Nc6 9. Nde2 a6 10. h3 Bd7 11. Be3 b5 12. Nd5 Rc8 13. c3 Rb8 14. b3 Ne8 15. Qd2
e6 16. Ndf4 b4 17. Rac1 bxc3 18. Nxc3 Qa5 19. Rfd1 Rd8 20. Nfe2 Qb4 21. Na4 Qxd2
22. Rxd2 Ne7 23. Nb6 Bc6 24. Rdc2 Bb7 25. Rc7 Nxc7 26. Rxc7 Bc6 27. Rxe7 d5 28.
exd5 exd5 29. Nd4 Bxd4 30. Bxd4 Rfe8 31. Rc7 Rd6 32. Bf3 h5 33. Kg2 Red8 34. Nc8 1-0

[Event "FIDE World Rapid Team"]
[Site "London ENG"]
[Date "2025.06.12"]
[Round "5.5"]
[White "Nurman, Alua"]
[Black "Roebers, Eline"]
[Result "1/2-1/2"]
[WhiteTitle "WGM"]
[BlackTitle "IM"]
[WhiteElo "2339"]
[BlackElo "2356"]
[WhiteTeam "Rookies"]
[BlackTeam "Knight Dance"]
[WhiteFideId "13729390"]
[BlackFideId "1058401"]
[EventDate "2025.06.11"]
[EventType "team"]

1. e4 d6 2. d4 Nf6 3. Nc3 e5 4. Nf3 Nbd7 5. g3 Be7 6. Bg2 O-O 7. O-O c6 8. a4 b6
9. h3 Re8 10. Be3 Bb7 11. a5 bxa5 12. dxe5 dxe5 13. Qe2 Bb4 14. Rfd1 Qe7 15. Nh4
g6 16. Na4 Qe6 17. Bh6 Nb6 18. c3 Be7 19. Nf3 Rad8 20. Qc2 c5 21. Ng5 Qc6 22. b3
c4 23. Nb2 Rxd1+ 24. Qxd1 Rd8 25. Qc2 Bf8 26. Bxf8 Kxf8 27. Rxa5 h6 28. Nf3 Qxe4
29. Qxe4 Bxe4 30. Nxc4 Nxc4 31. bxc4 Rd1+ 32. Kh2 Bxf3 33. Bxf3 Rd2 34. Kg1 e4
35. Bg2 Rc2 36. Ra3 a5 37. Rxa5 Rxc3 38. Rc5 Rc1+ 39. Kh2 Rc2 40. Kg1 Rc1+ 41.
Kh2 h5 42. Rc7 Ke8 43. c5 Nd5 44. Rc6 Ne7 45. Rf6 Rc4 46. g4 hxg4 47. hxg4 Nd5
48. Ra6 Nf4 49. c6 Nd3 50. Bxe4 Rxe4 51. Ra8+ Ke7 52. c7 Rc4 53. c8=Q Rxc8 54.
Rxc8 Nxf2 55. Kg3 Ne4+ 56. Kf4 Nd6 57. Rc6 f6 58. g5 fxg5+ 59. Kxg5 Ke6 60. Kxg6
Kd5 61. Rc1 Ne4 62. Kf5 Nd6+ 63. Kf4 Ke6 64. Rd1 Nf7 65. Rd4 Nd6 66. Rd1 Nf7 67.
Re1+ Kd5 68. Kf5 Nd6+ 69. Kf6 Ne4+ 70. Ke7 Nc5 71. Rd1+ Ke5 72. Ra1 Ne4 73. Ra5+
Kd4 74. Ke6 Nc5+ 75. Kf5 Nd3 76. Ra4+ Ke3 77. Re4+ Kf3 78. Ra4 Ke3 79. Kg4 Ne5+
80. Kg3 Nd3 81. Ra3 Kd4 82. Kf3 Ne5+ 83. Kf4 Nd3+ 84. Kf5 Ke3 85. Ra4 Nf2 86.
Rb4 Nd3 87. Re4+ Kf3 88. Re8 Nf4 89. Rd8 Ke3 90. Kg4 Nd3 91. Kf5 Nf2 92. Kg5
Ne4+ 93. Kg4 Nf2+ 94. Kg3 Ne4+ 95. Kg2 Kf4 96. Rd5 Ke3 97. Re5 Kf4 98. Re8 Ke3
99. Kh3 Kf4 100. Kh4 Ke3 101. Kg4 Kd4 102. Kf4 Nc3 103. Rd8+ Nd5+ 104. Kf5 Kc5
105. Ke5 Nb6 106. Rd1 Kc6 107. Ke6 Kc5 108. Rb1 Nc4 109. Rc1 Kd4 110. Kf5 Ne3+
111. Kf4 Nd5+ 112. Kf3 Ke5 113. Re1+ Kd4 114. Rd1+ Ke5 115. Ra1 Kd4 116. Ra4+
Ke5 117. Re4+ Kd6 118. Rd4 Ke5 119. Rc4 Nf6 120. Rc5+ Nd5 1/2-1/2

[Event "FIDE World Rapid Team"]
[Site "London ENG"]
[Date "2025.06.12"]
[Round "5.6"]
[White "Phulpin, Theo"]
[Black "Watson, Mikey J"]
[Result "1/2-1/2"]
[WhiteElo "1773"]
[BlackElo "1984"]
[WhiteTeam "Knight Dance"]
[BlackTeam "Rookies"]
[WhiteFideId "36001600"]
[BlackFideId "442690"]
[EventDate "2025.06.11"]
[EventType "team"]

1. e4 c5 2. d4 cxd4 3. Qxd4 Nc6 4. Qd3 Nf6 5. Nc3 g6 6. Nf3 d6 7. Be2 Bg7 8. O-O
O-O 9. Nd5 Bg4 10. Bg5 Bxf3 11. Bxf3 Ne5 12. Qb3 Nxd5 13. exd5 Qc7 14. Be2 h6
15. Bh4 f5 16. f4 Nd7 17. c3 Nc5 18. Qc2 Ne4 19. Bd3 Nf6 20. Bxf6 Bxf6 21. Qe2
Rac8 22. Qe6+ Kg7 23. Kh1 h5 24. Rf3 Bh4 25. Rh3 Bf2 26. Rf1 Rf6 27. Qe2 Bb6 28.
Rg3 Rh8 29. Re1 Kf8 30. Rg5 Qd7 31. Bb5 Qc7 32. Qf3 a6 33. Ba4 Qc4 34. Bd7 Rh7
35. Be6 Qc5 36. Qg3 Rg7 37. Qf3 Qf2 38. Qxf2 Bxf2 39. Re2 Bh4 40. g3 Bxg5 41.
fxg5 Rxe6 42. Rxe6 Kf7 43. Kg2 Rg8 44. Kf3 Rc8 45. Re3 Rc4 46. b3 Rc5 47. c4 b5
48. Rc3 e5 49. dxe6+ Kxe6 50. Re3+ Re5 51. cxb5 axb5 52. Rc3 Rc5 53. Re3+ Kd7
54. Re2 Rc3+ 55. Kf4 Rd3 56. h3 Rd4+ 57. Kf3 Rd1 58. g4 fxg4+ 59. hxg4 h4 60.
Rh2 Rd3+ 61. Ke4 Rg3 62. Rxh4 Kc6 63. Kf4 Rg2 64. a4 bxa4 65. bxa4 Ra2 66. Rh6
Rxa4+ 67. Kf3 Ra3+ 68. Kf2 Ra4 69. Rxg6 Rxg4 70. Kf3 Rg1 71. Ke4 Kc5 72. Rg8 d5+
73. Ke5 Re1+ 74. Kf6 Rf1+ 75. Ke6 Re1+ 76. Kf5 Rf1+ 77. Kg4 Rg1+ 78. Kf3 Kc4 79.
g6 Kd3 80. g7 d4 81. Kf2 Rg6 82. Kf3 Kd2 83. Rd8 1/2-1/2

[Event "FIDE World Rapid Team"]
[Site "London ENG"]
[Date "2025.06.12"]
[Round "5.1"]
[White "Kozak, Adam"]
[Black "Martinez Alcantara, Jose Eduardo"]
[Result "1/2-1/2"]
[WhiteTitle "GM"]
[BlackTitle "GM"]
[WhiteElo "2587"]
[BlackElo "2611"]
[WhiteTeam "Team Hungary"]
[BlackTeam "Theme International Trading"]
[WhiteFideId "753246"]
[BlackFideId "3805662"]
[EventDate "2025.06.11"]
[EventType "team"]

1. d4 d5 2. c4 e6 3. Nc3 Nf6 4. cxd5 exd5 5. Bg5 Be7 6. e3 O-O 7. Bd3 h6 8. Bh4
Re8 9. Nge2 c6 10. Qc2 Nbd7 11. O-O Nh5 12. Bxe7 Qxe7 13. a4 a5 14. Rae1 Nhf6
15. Nc1 c5 16. Nb5 c4 17. Bf5 Nb6 18. Bxc8 Raxc8 19. Na2 Rc6 20. Nac3 Re6 21.
Re2 Qd7 22. Rfe1 Nc8 23. f3 Nd6 24. Nxd6 Qxd6 25. Qd2 Rd8 26. Rd1 Rde8 27. Rde1
Rd8 28. Qc2 Rde8 29. Nb5 Qe7 30. Qd2 b6 31. Nc3 Qb7 32. Qc2 Qd7 33. Qf5 R8e7 34.
Qc2 Re8 35. Qf5 R8e7 36. Qc2 Re8 1/2-1/2

[Event "FIDE World Rapid Team"]
[Site "London ENG"]
[Date "2025.06.12"]
[Round "5.2"]
[White "Jumabayev, Rinat"]
[Black "Kantor, Gergely"]
[Result "1/2-1/2"]
[WhiteTitle "GM"]
[BlackTitle "GM"]
[WhiteElo "2546"]
[BlackElo "2584"]
[WhiteTeam "Theme International Trading"]
[BlackTeam "Team Hungary"]
[WhiteFideId "13702661"]
[BlackFideId "751499"]
[EventDate "2025.06.11"]
[EventType "team"]

1. Nf3 d5 2. g3 c5 3. b3 f6 4. d3 e5 5. e4 Ne7 6. Nbd2 Nbc6 7. Bg2 Be6 8. O-O d4
9. Ne1 Qd7 10. f4 O-O-O 11. Nef3 exf4 12. gxf4 Bg4 13. Nc4 Ng6 14. Qe1 Nb4 15.
Qf2 b5 16. Nb2 Bd6 17. Ne1 Nc6 18. a4 b4 19. Nc4 Bc7 20. Qg3 Nge7 21. e5 h5 22.
Nf3 Be6 23. Nfd2 g5 24. Ne4 gxf4 25. Bxf4 Rdg8 26. Ncd6+ Bxd6 27. Nxd6+ Kd8 28.
exf6 Rxg3 29. fxe7+ Nxe7 30. hxg3 Bd5 31. Rae1 Bxg2 32. Nf7+ Kc8 33. Nd6+ Kd8
34. Nf7+ Kc8 35. Kxg2 Qd5+ 36. Kh2 Qxf7 37. Be5 Qg6 38. Bxh8 Nf5 39. Be5 Ne3 40.
Rf8+ Kd7 41. Bf4 h4 42. Rh8 hxg3+ 43. Bxg3 Nxc2 44. Re5 Ne3 45. Reh5 Nf1+ 46.
Kg1 Qxg3+ 47. Kxf1 Qxd3+ 48. Kg1 Qe3+ 49. Kg2 Qe4+ 50. Kg3 Qe3+ 51. Kg2 Qe4+ 52.
Kg3 Qe3+ 53. Kg2 Qe4+ 1/2-1/2

[Event "FIDE World Rapid Team"]
[Site "London ENG"]
[Date "2025.06.12"]
[Round "5.3"]
[White "Erdos, Viktor"]
[Black "Tin, Jingyao"]
[Result "1-0"]
[WhiteTitle "GM"]
[BlackTitle "GM"]
[WhiteElo "2545"]
[BlackElo "2583"]
[WhiteTeam "Team Hungary"]
[BlackTeam "Theme International Trading"]
[WhiteFideId "719978"]
[BlackFideId "5804418"]
[EventDate "2025.06.11"]
[EventType "team"]

1. e4 e5 2. Nf3 Nc6 3. Bb5 a6 4. Ba4 Nf6 5. O-O Be7 6. Re1 b5 7. Bb3 d6 8. c3
O-O 9. h3 Nb8 10. d4 Nbd7 11. c4 b4 12. c5 exd4 13. cxd6 cxd6 14. Nxd4 Nc5 15.
Nc6 Qd7 16. Nxb4 Nxb3 17. axb3 Qb7 18. Nd5 Nxd5 19. exd5 Bf6 20. Bf4 Bf5 21. Nc3
Rfd8 22. Ra4 h6 23. Ne4 Be7 24. Qd2 Rab8 25. Re3 Bf8 26. Rc4 Rbc8 27. Qd4 Bg6
28. Kh2 a5 29. Bg3 Rc7 30. Qd2 Qa7 31. Rec3 Rxc4 32. Rxc4 Qb6 33. Rc6 Qxb3 34.
Nxd6 a4 35. Nc4 Be4 36. Ne3 Bxd5 37. Rc7 Qb5 38. Qd4 Qb3 39. Ra7 Bd6 40. Bxd6
Rxd6 41. Nf5 Rg6 42. Ne7+ Kh7 43. Nxg6 Kxg6 44. Rxa4 Qb8+ 45. Qf4 Qxb2 46. Qg4+
Kf6 47. Qf4+ Kg6 48. Qg4+ Kf6 49. Rf4+ Ke7 50. Rd4 Be6 51. Qxg7 Qxf2 52. Re4 Qd2
53. Rh4 Bd5 54. Qg3 Qg5 55. Rg4 Qd2 56. Rf4 Kf8 57. Rf2 Qb4 58. Qe5 1-0